Culture Générale - Série 89 - Statistiques

Statistiques générales
  • Ce quiz a été pris 707 fois
  • Le résultat moyen est 5 sur 10
Statistiques - réponses
Question Réponse % Correct
Quel pays est dirigé par Kim Jong-il ? Corée du Nord
94%
Quel style de musique est indissociable de Bob Marley ? Reggae
93%
Quel est le véritable prénom de M. Pokora ? Matthieu
68%
Quelle est la capitale du Cameroun ? Yaoundé
68%
De quel instrument joue le grand musicien Maurice André ? Trompette
43%
Qui est la muse de l'Histoire dans la mythologie grecque ? Clio
41%
Dans la mythologie grecque, qui est le dieu des voleurs ? Hermès
40%
A qui appartient "la cane" chantée par Georges Brassens ? Jeanne
34%
Dans quelle ville allemande J.-J. Goldman aurait-il pu naître en 17 ? Leidenstadt
26%
Qui a réalisé "Vivement dimanche !" en 1983 ? François Truffaut
10%
Aucun quiz correspondant
Distribution des résultats
% des personnes avec chaque résultat
Percentile par nombre de réponses
Votre historique - résultats
Vous n’avez pas pris ce quiz